1305 1831 1739 1864 1038 1414 1541 1335 1235 1552 1525 1865 1631 1368 1600 1778 1599 1477 1472 1508 1435 1156 1983 1840 1827 1308 1676 1879 1954 1101 1417 1459 1488 1354 1275 1471 1784 1687 1117 1983 1918 1295 1463 1900 1420 1971 1881 1854 1365 1329 1069 1351 1427 1619 1564 1488 1893 1074 1957 1773 1975 1213 1172 1223 1274 1178 1352 1196 1567 1323 1416 1613 1594 1665 1661 1927 1180 1490 1207 1891 1266 1826 1597 1398 1837 1295 1532 1561 1595 1677 1663 1891 1744 1196 1094 1433 1154 1980 1280 BCNSPRNW ULIB Ver.6.0+V

เปลี่ยนเป็นภาษาไทย

Change to English
 แสดงรายละเอียดบรรณานุกรม
  กลับหน้าหลัก

Brief Record : Get Marc (ISO 2709) : E-mail record : QR code < ปิดหน้าต่าง
LEADER : 00000nam 2200000uu 4500
001    13399123205
003     ULIB
008    020711s2551 th a 000 0 tha d
020    9789749694367
090    นว.^bว298พ
100    วรางคณา
245    พรุ่งนี้ไม่รู้จะรักใคร/^cวรางคณา
250    พิมพ์ครั้งที่ 1
260    กรุงเทพฯ :^bดอกหญ้า,^c2551
300    586 หน้า;^b21 ซม.
710    ดอกหญ้า
945    ^p295^l0^i20341
999    ^aทศพร เกษรทอง
รายการนี้ยังไม่มีแท็ก
คุณยังไม่ได้ล็อกอิน คุณสามารถมีกิจกรรมร่วมกับเว็บไซต์ได้ แต่ต้องล็อกอินก่อน ::
  ล็อกอิน

รายการสื่อสารสนเทศ

ลำดับที่ ประเภท เลขเรียก/บาร์โค้ด สถานที่ สถานะ
1. นวนิยาย
นวนิยาย
นว. ว298พ ฉ.1 
  Barcode: 20341
ห้องสมุดวิทยาเขตนครสวรรค์
►นวนิยาย:l:Fiction
บนชั้น

รายการใกล้เคียง
    ผู้แต่ง [วรางคณา]

BibComment


ยังไม่เคยถูกคอมเมนท์

คอมเมนท์ทรัพยากรรายการนี้
  คอมเมนท์: พรุ่งนี้ไม่รู้จะร..


 Copyright 2026. Bcnsprnw @Library